Statystyki dla Najdroższi piłkarze zespołów grających na Euro.

Kliknij tutaj aby rozwiązać quiz!

Ogólne statystyki

  • Ten quiz został rozwiązany 265 razy
  • Średni wynik to 17 z 24

Statystyki odpowiedzi

WartośćNarodowośćKlubPiłkarz% Poprawnych
60,00 mlnPolskaBayern MonachiumLewandowski
92%
90,00 mlnHolandiaFC BarcelonaDe Jong
89%
55,00 mlnAustriaReal MadrytAlaba
88%
160,00 mlnFrancjaPSGMbappe
88%
100,00 mlnBelgiaManchester City/Inter MediolanDe Bruyne/Lukaku
86%
120,00 mlnAngliaTottenhamKane
86%
18,00 mlnWaliaTottenham/Manchester UnitedBale/James
83%
40,00 mlnDaniaInter MediolanEriksen
80%
65,00 mlnSzkocjaLiverpoolRobertson
79%
45,00 mlnChorwacjaChelseaKovacic
76%
7,00 mlnFinlandiaNorwichPukki
73%
40,00 mlnSzwecjaReal SociedadIsak
72%
90,00 mlnNiemcyBayern MonachiumKimmich
70%
90,00 mlnPortugaliaManchester UnitedFernandes
69%
60,00 mlnSłowacjaInter MediolanSkriniar
67%
65,00 mlnWłochyInter MediolanBarella
66%
40,00 mlnCzechyWest HamSoucek
65%
28,00 mlnRosjaAS MonacoGolovin
61%
45,00 mlnTurcjaLeicesterSoyuncu
57%
30,00 mlnSzwajcariaBorussia Monchengladbach/Borussia DortmundZakaria/Akanji
56%
17,00 mlnMacedonia PółnocnaNapoliElmas
54%
80,00 mlnHiszpaniaAtletico MadrytLlorente
47%
16,00 mlnWęgryRB LipskOrban
42%
30,00 mlnUkrainaAtalantaMalinovskyi
23%

Rozkład punktacji

Percentyl według liczby udzielonych odpowiedzi

Procent ludzi z każdym wynikiem

Twoja historia wyników

Nie rozwiązałeś tego quizu